000 00485nam a2200193Ia 4500
003 GCL
005 20240530103549.0
008 140319s9999 xx 000 0 ara d
040 _aGCL /
_cGCL
082 0 4 _a810.9
_bط ح
100 1 _aطه حسين
245 1 0 _aحافظ وشوقى /
_cطه حسين
300 _a224 ص
650 0 4 _aالادب العربى
650 0 4 _aحافظ ابراهيم
650 0 4 _aاحمد شوقى
650 0 4 _aطه حسين
942 _2ddc
_cBK
999 _c40692
_d40692